000 00750nam a2200253Ia 4500
003 OSt
005 20220918163315.0
006 a|||||r|||| 00| 0
007 ta
008 220917b |||||||| |||| 00| 0 eng d
020 _a0 521 55181 1
024 _a31,539
037 _cTextual
040 _aARTS
_cARTS
_beng
041 _2eng
_aeng
082 _aO111,3M82:g, N6
100 _aDavison Neil R
_912602
245 0 _aJames Joyce Ulysses and the costruction of Jewish identity
_b Culture biography and the jaw in modernist Europe
260 _aCambridge
_bCUP UK
_c1996
300 _axi, 305p.
_ccm.
650 _aENGLISH LITERATURE
942 _hO111,3M82:g, N6
_cTEXL
_2CC
999 _c119031
_d119031